| 000 | 00326nam a22001337a 4500 | ||
|---|---|---|---|
| 020 | _a0-340-54889-4 | ||
| 082 |
_a823 _bBLY/F |
||
| 100 | _aENID BLYTON | ||
| 245 |
_aTHE FAMOUS FIVE _bFIVE ON A SECRET TRAIL |
||
| 260 |
_aGREAT BRITAIN _bHODDER CHILDRENS BOOK |
||
| 300 | _a143 | ||
| 650 |
_aADVENTURE _zUNITED KINGDOM |
||
| 942 | _cBK | ||
| 999 |
_c184 _d184 |
||